000 00556nam a2200229Ia 4500
003 OSt
005 20221006153018.0
006 a|||||r|||| 00| 0
007 ta
008 221006b |||||||| |||| 00| 0 eng d
020 _c
_3.00
024 _a30,943
037 _cTextual
040 _aEASL
_cEASL
_beng
041 _2eng
_aeng
100 _aJOFFE E
_9662202
245 0 _aBetween two plenunus
260 _aAnn Arbor
_bMichigan University Press
_c1975
300 _a72p.
_ccm.
942 _cTEXL
_2CC
999 _c1099029
_d1099029